000 00288cam a22000977a 4500
008 180718b2009 xxu||||| |||| 00| 0 eng d
082 _aA99 J185 J185
245 _aBabu Jagjivan Ram on public adminstraion
260 _aNew delhi
_bIndian institute of public adminstraion
_c2009
300 _a32
999 _c502468
_d502468